| 000 | 00371nam a22001457a 4500 | ||
|---|---|---|---|
| 999 |
_c7965 _d7965 |
||
| 003 | OSt | ||
| 005 | 20200610164545.0 | ||
| 008 | 200610b ||||| |||| 00| 0 eng d | ||
| 020 | _a9781780672724 | ||
| 082 |
_a720.284 _bBIN |
||
| 100 | _a Bingham, Neil R. | ||
| 245 | _a100 years of architectural drawing : | ||
| 260 |
_aUSA _bLaurence King Publishing, _c2013 |
||
| 942 | _2ddc | ||